000
00284nam a2200121Ia 4500
008
190216s9999||||xx |||||||||||||| ||und||
100
_a
Judith Verity
245
0
_a
Essentials Succeeding At Interviews
260
_b
Viva Book
_c
2007
300
_a
76
650
_a
English
942
_c
BK
999
_c
14442
_d
14442